| 000 | 00621nam a2200229 a 4500 | ||
|---|---|---|---|
| 999 |
_c4848 _d4848 |
||
| 001 | 4848 | ||
| 003 | BD-JhCC | ||
| 005 | 20180417184933.0 | ||
| 008 | 171204s19591967e b|||| || | 001 0 eng d | ||
| 035 | _a(BD-JhCC)4848 | ||
| 040 |
_aBD-JhCC _dBD-JhCC |
||
| 041 | _aeng | ||
| 082 |
_a901 _bTOY 1967 |
||
| 100 | _aToynbee, Arnold J. | ||
| 245 |
_aHistorical Atlas and Gazetteer / _c Arnold J. Toynbee, & Edward D. Myers |
||
| 260 |
_aLondon : _bOxford University Press, _c1967. |
||
| 300 |
_a257 p. : _c25 cm. |
||
| 650 | _aHistorical Geography | ||
| 700 | _a Myers, Edward D. | ||
| 942 |
_2ddc _cREF |
||